000 00908nam1a22002291i 4500
001 rc\4174004
005 20240724160015.0
035 _a(NLR Aleph) 007999192
090 _a8628791
_c8628791
100 _a20130415d1949 |||y0rusy50 ca
101 0 _arus
102 _aRU
105 _ay z |||||
200 1 _aСовременные вопросы упругости, пластичности и прочности в машиностроении
_eЦикл лекций
_eЛекция 5
_fДом инженера и техника им. Ф.Э. Дзержинского
210 _aМосква
_cРотапринт тип. Углетехиздата
_d1949
215 _d28
300 _aТекст напеч. на одной стороне листа
333 _aНа правах рукописи
801 0 _aRU
_bNLR
_gpsbo
801 1 _aRU
_bELAR
_2rusmarc
852 _aNLR
_jТ36 Г-8/436
942 _cBOOK